Online Catalogue and eLibrary

Open Minds : (Record no. 526)

MARC details
000 -LEADER
fixed length control field 00444nam a22001457a 4500
005 - DATE AND TIME OF LATEST TRANSACTION
control field 20240301015537.0
008 - FIXED-LENGTH DATA ELEMENTS--GENERAL INFORMATION
fixed length control field 240301b |||||||| |||| 00| 0 eng d
082 ## - DDC Classification
DDC Edition Number 22
Class No. 323.
Item Number - Author Mark OPE.
100 ## - MAIN ENTRY--PERSONAL NAME
Personal name Hoyer , J. Hans.
245 ## - TITLE STATEMENT
Title Open Minds :
Remainder of title Reflections on Human Development and South-North issues /
Statement of responsibility, etc. Hans J. Hoyer.
260 ## - PUBLICATION, DISTRIBUTION, ETC.
Place of publication, distribution, etc. Colombo ;
Name of publisher, distributor, etc. Regional Office of South Asia ( ROSA) /
Date of publication, distribution, etc. 1996
300 ## - PHYSICAL DESCRIPTION
Extent (e.g. Volumes, Pages etc.) 141 P.,
650 ## - SUBJECT ADDED ENTRY--TOPICAL TERM
Topical term or geographic name entry element Development
942 ## - Koha item type (Biblio)
Koha item type Books in Stacks (Lending)
Holdings
Lost status Damaged status Collection code Home library Current library Date acquired Full call number Accession Number Item type
    Lending WERC Library WERC Library 03/01/2024 323. OPE. 6959 Books in Stacks (Lending)

© WERC Library